| 000 | 00566nam a22001577a 4500 | ||
|---|---|---|---|
| 003 | OSt | ||
| 005 | 20150912150250.0 | ||
| 008 | 150912b xxu||||| |||| 00| 0 eng d | ||
| 040 | _cRUA | ||
| 082 | _aAGR សរ 1996 boo17 Or.1 | ||
| 100 |
_9337 _aសរ ណចាន់ ធី _bសរ ចាន់ធី |
||
| 245 | _aThe selling behaviour of the farmer in the kampong thom province, (ទង្វើនៃការលក់ នៅស្រុកកំពង់ធំ) | ||
| 260 |
_aphnom phen. _bRUA. _c1996. |
||
| 300 |
_a67p. _bill. _c29cm. |
||
| 942 |
_2ddc _cAGR |
||
| 999 |
_c315 _d315 |
||